|
|
|
|
| LEADER |
00000nam0a2200000 4500 |
| 001 |
195992 |
| 005 |
20231101224648.0 |
| 035 |
|
|
|a (RuTPU)RU\TPU\book\213820
|
| 090 |
|
|
|a 195992
|
| 100 |
|
|
|a 20110517d1906 km y0rusy50 ca
|
| 101 |
0 |
|
|a rus
|
| 102 |
|
|
|a RU
|
| 105 |
|
|
|a a z 000zy
|
| 200 |
1 |
|
|a Химическая лаборатория при маслобойном заводе
|f Г. Г. Поварнин
|
| 210 |
|
|
|a Санкт-Петербург
|c Издание журнала "Вестник Жировой Промышленности"
|d 1906
|
| 215 |
|
|
|a 70 с.
|c ил.
|
| 300 |
|
|
|a Текст в русской дореформенной орфографии
|
| 606 |
1 |
|
|a Пищевая промышленность
|2 stltpush
|3 (RuTPU)RU\TPU\subj\33648
|9 55824
|
| 610 |
1 |
|
|a труды учёных ТПУ
|
| 610 |
1 |
|
|a маслоделие
|
| 610 |
1 |
|
|a коллекция ТПУ
|
| 610 |
1 |
|
|a сметы
|
| 610 |
1 |
|
|a оборудование
|
| 610 |
1 |
|
|a сравнения
|
| 610 |
1 |
|
|a системы
|
| 675 |
|
|
|a 664
|v 3
|
| 700 |
|
1 |
|a Поварнин
|b Г. Г.
|c российский химик-технолог, специалист в области кожевенного проихводства
|c профессор Томского технологического института (1915-1921)
|f 1880-1946
|g Георгий Георгиевич
|2 stltpush
|3 (RuTPU)RU\TPU\pers\19084
|
| 801 |
|
1 |
|a RU
|b 63413507
|c 20110517
|
| 801 |
|
2 |
|a RU
|b 63413507
|c 20190702
|g RCR
|
| 942 |
|
|
|c BK
|